Meister Oberliga Rheinland-Pfalz/Saar - Statistiken

Allgemein
  • Dieses Quiz wurde 76 mal gespielt
    23 seit der letzten Aktualisierung
  • Das Durchschnittsergebnis liegt bei 9 aus 12
Antwortstatistiken
Saison Meister % Korrekt
2023/24 Eintracht Trier
88%
2024/25 Schott Mainz
88%
2022/23 Schott Mainz
88%
2019/20 Schott Mainz
88%
2016/17 Schott Mainz
88%
2013/14 FK Pirmasens
81%
2015/16 TuS Koblenz
81%
2021/22 Wormatia Worms
75%
2018/19 Rot-Weiss Koblenz
63%
2014/15 Saar 05 Saarbrücken
63%
2017/18 FC Homburg
56%
2012/13 SVN Zweibrücken
38%
Keine übereinstimmenden Quizze gefunden
Verteilung der Resultate
Anzahl Personen mit jedem Resultat
Perzentil nach korrekt beantworteten Fragen
Ihre Resultats-Entwicklung
Sie haben dieses Quiz seit der letzten Aktualisierung nicht gespielt